YoungBoy Phrases - Statistics

General Stats
  • This quiz has been taken 238 times
  • The average score is 5 of 13
Answers on the Grid
Answers color-coded by a green-red scale on the quiz's grid according to % correct below.
1738
Skully
Slat
Forgiato
Grave Digger
Freeddawg
Green Flag
Top Shotta
38 Baby
4KTrey
63rd
Blood
Pallbearer
Crip
Slimeto
Nawf Side
O'Block
OTF
OVO
Lil Top
RemyBoyz
Slime
Treyway
Y'Heard Me?
 
Answer Stats
Answer % Correct
Lil Top
58%
4KTrey
51%
Slime
49%
38 Baby
47%
Freeddawg
46%
Green Flag
42%
Slimeto
42%
Grave Digger
38%
Nawf Side
36%
Y'Heard Me?
32%
Forgiato
26%
Pallbearer
24%
Skully
22%
No matching quizzes found
Score Distribution
Percent of People with Each Score
Percentile by Number Answered
Your Score History
You have not taken this quiz